The moonstone

Gardado en:
Detalles Bibliográficos
Autor Principal: Collins, Wilkie 1824-1889
Formato: Libro
Idioma:English
Publicado: New York Oxf. Uviv. Pr. 1992
Series:The world's classics
Những chủ đề:
Các nhãn: Engadir etiqueta
Sen Etiquetas, Sexa o primeiro en etiquetar este rexistro!
Thư viện lưu trữ: Trung tâm Học liệu Lê Vũ Hùng, Trường Đại học Đồng Tháp
LEADER 00687pam a22002298a 4500
001 00023934
005 20171026081025.0
008 110706s1992 ||||||engsd
020 # # |a 0192815792 
041 0 # |a eng 
082 1 4 |a 823  |b TH200M 
100 1 # |a Collins, Wilkie  |d 1824-1889 
245 1 4 |c Wikie Collins  |a The moonstone 
260 # # |a New York  |b Oxf. Uviv. Pr.  |c 1992 
300 # # |a xxxvi,536 p.  |c 19 cm. 
490 # # |a The world's classics 
650 # 4 |a Tiểu thuyết 
650 # 4 |a Văn học Mỹ 
852 # # |b Kho đọc  |j KD.0008619 
852 # # |j KD.0008619 
910 0 # |a Ntuyet  |d 06/07/2011 
980 # # |a Trung tâm Học liệu Lê Vũ Hùng, Trường Đại học Đồng Tháp